[Event "SVK-ch Rapid"]
[Site "Podbanske"]
[Date "2023.10.01"]
[Round "7"]
[White "Bielik, Jakub"]
[Black "Buchnicek, Petr"]
[Result "0-1"]
[WhiteElo "2067"]
[BlackElo "2222"]
[PlyCount "84"]
[EventDate "2023.09.30"]
[EventType "tourn (rapid)"]
[EventRounds "10"]
[EventCountry "SVK"]
[SourceTitle "EXT 2024"]
[Source "ChessBase"]
[SourceDate "2023.10.10"]
[SourceVersion "1"]
[SourceVersionDate "2023.10.10"]
[SourceQuality "1"]

1. d4 f5 2. Nc3 Nf6 3. Bg5 e6 4. e4 fxe4 5. Nxe4 Be7 6. Bxf6 Bxf6 7. Nf3 0-0 8. Bd3 b6 9. Qe2 Bb7 10. 0-0-0 Nc6 11. h4 Nb4 12. Neg5 Bxf3 13. Bxh7+ Kh8 14. gxf3 Nd5 15. Bd3 Kg8 16. Bh7+ Kh8 17. Rdg1 Bxd4 18. Bd3 Qf6 19. c3 Be5 20. Kb1 Bxc3 21. Ne4 Qxf3 22. Nxc3 Nxc3+ 23. bxc3 Qxe2 24. Bxe2 Rxf2 25. Bd3 Raf8 26. h5 Rd2 27. h6 g5 28. Bc4 Rf5 29. Kc1 Rdf2 30. Rg3 Rc5 31. Bb3 b5 32. Rd3 d5 33. Kd1 Rf4 34. Rg1 Rh4 35. Rxg5 Rxh6 36. Rdg3 Rh1+ 37. Kd2 Rh2+ 38. Kd3 b4 39. Rg8+ Kh7 40. R8g7+ Kh8 41. Rg8+ Kh7 42. cxb4 Rc1 0-1

[Event "SVK-ch Rapid"]
[Site "Podbanske"]
[Date "2023.10.01"]
[Round "10"]
[White "Mrvova, Alena"]
[Black "Bielik, Jakub"]
[Result "1-0"]
[WhiteElo "2166"]
[BlackElo "2067"]
[PlyCount "71"]
[EventDate "2023.09.30"]
[EventType "tourn (rapid)"]
[EventRounds "10"]
[EventCountry "SVK"]
[SourceTitle "EXT 2024"]
[Source "ChessBase"]
[SourceDate "2023.10.10"]
[SourceVersion "1"]
[SourceVersionDate "2023.10.10"]
[SourceQuality "1"]

1. Nf3 d5 2. d3 Nc6 3. Nbd2 e5 4. e4 Nf6 5. g3 h6 6. Bg2 Be6 7. 0-0 Be7 8. c3 a5 9. a4 0-0 10. Re1 dxe4 11. dxe4 Nd7 12. Bf1 Nc5 13. Qc2 Qd7 14. Nc4 Bxc4 15. Bxc4 Rad8 16. Rb1 Qg4 17. Kg2 Ne6 18. Be3 Bc5 19. h3 Qg6 20. Nh4 Qf6 21. Bxe6 Bxe3 22. Bxf7+ Rxf7 23. Rxe3 Rfd7 24. Qb3+ Kh7 25. Rf3 Qd6 26. Nf5 Qd2 27. Qxb7 Qc2 28. Re1 Ne7 29. Ne3 Qxa4 30. Qa6 Qxe4 31. Qc4 Qb7 32. Ng4 Ng6 33. Nxe5 Nxe5 34. Rxe5 Qxb2 35. Qe4+ Kh8 36. Re8+ 1-0

[Event "Piestany op-A"]
[Site "Piestany"]
[Date "2023.07.18"]
[Round "8"]
[White "Dahl, Christoph"]
[Black "Bielik, Jakub"]
[Result "1-0"]
[WhiteElo "2380"]
[BlackElo "2077"]
[PlyCount "93"]
[EventDate "2023.07.11"]
[EventType "swiss"]
[EventRounds "9"]
[EventCountry "SVK"]
[SourceTitle "EXT 2024"]
[Source "ChessBase"]
[SourceDate "2023.10.10"]
[SourceVersion "1"]
[SourceVersionDate "2023.10.10"]
[SourceQuality "1"]

1. e4 e5 2. Nf3 Nf6 3. Nxe5 d6 4. Nf3 Nxe4 5. Nc3 Nxc3 6. dxc3 Be7 7. Be3 Nc6 8. Qd2 Be6 9. 0-0-0 Qd7 10. h3 h5 11. Kb1 Bf6 12. Nd4 a6 13. Bg5 Nxd4 14. cxd4 Bxg5 15. Qxg5 f6 16. Qe3 0-0-0 17. d5 Bf5 18. Qa7 c5 19. dxc6 Qxc6 20. Bd3 Bd7 21. Be2 Qc5 22. Qxc5+ dxc5 23. Rd5 Bc6 24. Rxc5 Rd2 25. Bf3 Rxf2 26. Bxc6 bxc6 27. Rxc6+ Kb7 28. Rc3 Rxg2 29. Re1 Re8 30. Rd1 Re6 31. Rd7+ Kb6 32. a4 a5 33. Rcc7 g5 34. c4 Rg1+ 35. Ka2 Rc1 36. Rc8 g4 37. hxg4 hxg4 38. Rdc7 Re5 39. Rc6+ Kb7 40. R8c7+ Kb8 41. Rh7 Re8 42. Rg7 f5 43. Rc5 Rf8 44. Rb5+ Kc8 45. Rxa5 Kb8 46. Rga7 Rc8 47. Ra8+ 1-0

[Event "Piestany op-A"]
[Site "Piestany"]
[Date "2023.07.13"]
[Round "3"]
[White "Bielik, Jakub"]
[Black "Tancsa, Tamas"]
[Result "0-1"]
[WhiteElo "2077"]
[BlackElo "2240"]
[PlyCount "72"]
[EventDate "2023.07.11"]
[EventType "swiss"]
[EventRounds "9"]
[EventCountry "SVK"]
[SourceTitle "EXT 2024"]
[Source "ChessBase"]
[SourceDate "2023.10.10"]
[SourceVersion "1"]
[SourceVersionDate "2023.10.10"]
[SourceQuality "1"]

1. e4 c5 2. Nf3 d6 3. Bb5+ Nd7 4. 0-0 a6 5. Bd3 Ngf6 6. Re1 b5 7. c3 c4 8. Bc2 Bb7 9. a4 e6 10. d4 cxd3 11. Qxd3 Nc5 12. Qe2 bxa4 13. Be3 Nfxe4 14. Nbd2 Nxd2 15. Nxd2 d5 16. Bxc5 Bxc5 17. Bxa4+ Kf8 18. Nf3 Bd6 19. Qd2 Qf6 20. Qe2 g6 21. Bc2 Kg7 22. Bd3 e5 23. Bc2 h5 24. Qe3 Rac8 25. Bb3 h4 26. h3 e4 27. Nd4 Qe5 28. Nf3 Qf6 29. Nd4 Rh5 30. Ne2 Rg5 31. Ra5 Bc7 32. Ra4 a5 33. Rd1 Bc6 34. Raa1 Kh7 35. Nd4 Bd7 36. Ba4 Bf4 0-1

[Event "SVK-chT1E 2223"]
[Site "Slovakia"]
[Date "2023.02.04"]
[Round "8.5"]
[White "Bielik, Jakub"]
[Black "Steiniger, Florian"]
[Result "1/2-1/2"]
[WhiteElo "2018"]
[BlackElo "1984"]
[PlyCount "97"]
[EventDate "2022.10.15"]
[EventType "team-tourn"]
[EventRounds "11"]
[EventCountry "SVK"]
[SourceTitle "EXT 2024"]
[Source "ChessBase"]
[SourceDate "2023.10.10"]
[SourceVersion "1"]
[SourceVersionDate "2023.10.10"]
[SourceQuality "1"]
[WhiteTeam "Zilina Mladost II"]
[BlackTeam "Humenne Reinter II"]
[WhiteTeamCountry "SVK"]
[BlackTeamCountry "SVK"]

1. e4 c6 2. d4 d5 3. exd5 cxd5 4. Bd3 Nc6 5. c3 Nf6 6. Bf4 Bg4 7. Qb3 Qd7 8. Nd2 e6 9. Ngf3 Bxf3 10. Nxf3 a6 11. 0-0 b5 12. Rfe1 Bd6 13. Ne5 Qc7 14. a4 0-0 15. axb5 axb5 16. Rxa8 Rxa8 17. Bxb5 Bxe5 18. Bxc6 Qxc6 19. Bxe5 Ne4 20. Bf4 Qa6 21. f3 Nf6 22. Qb4 h6 23. Qe7 Ra7 24. Qd8+ Kh7 25. Qd6 Qd3 26. Qb8 Ra5 27. Qb4 Rb5 28. Qa3 Nh5 29. Bc1 Rb7 30. Qa4 Nf6 31. Qd1 Qc4 32. Qc2+ Kg8 33. Bf4 Qa2 34. Re2 Rb3 35. Bd6 Nd7 36. Bc5 Qa4 37. Kf1 Qb5 38. Ke1 Qc4 39. Kd1 Qa4 40. Kc1 Qa1+ 41. Qb1 Qa6 42. Kd1 Qa4 43. Kc1 Qa6 44. Rd2 Qa4 45. h4 Qa6 46. g4 Qa5 47. Qc2 Qa1+ 48. Qb1 Qa5 49. Qc2 1/2-1/2

[Event "SVK-chT2B 2223"]
[Site "Slovakia"]
[Date "2023.01.15"]
[Round "7.1"]
[White "Bielik, Jakub"]
[Black "Kijac, Miroslav"]
[Result "1/2-1/2"]
[WhiteElo "2023"]
[BlackElo "2065"]
[PlyCount "40"]
[EventDate "2022.10.08"]
[EventType "team-tourn"]
[EventRounds "11"]
[EventCountry "SVK"]
[SourceTitle "EXT 2024"]
[Source "ChessBase"]
[SourceDate "2023.10.10"]
[SourceVersion "1"]
[SourceVersionDate "2023.10.10"]
[SourceQuality "1"]
[WhiteTeam "Povazske Podhradie"]
[BlackTeam "Nemsova Horne Srnie"]
[WhiteTeamCountry "SVK"]
[BlackTeamCountry "SVK"]

1. e4 e6 2. d4 d5 3. Nc3 Bb4 4. e5 c5 5. a3 Ba5 6. b4 cxd4 7. Qg4 Kf8 8. Nb5 Bc7 9. Nf3 Nc6 10. Bf4 Nge7 11. Bd3 Ng6 12. Bxg6 hxg6 13. 0-0 Bd7 14. Bg5 Qb8 15. Nxc7 Qxc7 16. Rfe1 Rc8 17. Rad1 Ne7 18. Bxe7+ Kxe7 19. Qg5+ Ke8 20. Nxd4 Qd8 1/2-1/2

[Event "SVK-chT2B 2223"]
[Site "Slovakia"]
[Date "2022.11.26"]
[Round "5.2"]
[White "Rucek, Kristian"]
[Black "Bielik, Jakub"]
[Result "1-0"]
[WhiteElo "2206"]
[BlackElo "2022"]
[PlyCount "91"]
[EventDate "2022.10.08"]
[EventType "team-tourn"]
[EventRounds "11"]
[EventCountry "SVK"]
[SourceTitle "EXT 2024"]
[Source "ChessBase"]
[SourceDate "2023.10.10"]
[SourceVersion "1"]
[SourceVersionDate "2023.10.10"]
[SourceQuality "1"]
[WhiteTeam "Belusa"]
[BlackTeam "Povazske Podhradie"]
[WhiteTeamCountry "SVK"]
[BlackTeamCountry "SVK"]

1. d4 d5 2. c4 e6 3. Nf3 Nf6 4. Nc3 Be7 5. Bf4 0-0 6. e3 b6 7. Bd3 dxc4 8. Bxc4 Ba6 9. Bxa6 Nxa6 10. 0-0 c5 11. a3 cxd4 12. Nxd4 Qd7 13. Qe2 Nc5 14. Rfd1 Qb7 15. Rac1 Rac8 16. Qf3 Qxf3 17. gxf3 Nh5 18. Be5 a6 19. b4 Nd7 20. Nf5 exf5 21. Rxd7 Bf6 22. f4 Bxe5 23. fxe5 f4 24. Rdd1 fxe3 25. fxe3 Rce8 26. Rd5 Re6 27. b5 axb5 28. Rxb5 f6 29. Na4 fxe5 30. Rxb6 Re7 31. Ra6 Nf6 32. Nb6 Re6 33. a4 Nd5 34. a5 Rg6+ 35. Kh1 Nb4 36. Ra8 Rxa8 37. Nxa8 Nd3 38. Rc8+ Kf7 39. h3 Ne1 40. Nb6 Nf3 41. Rc7+ Ke8 42. Rc1 e4 43. a6 Rg3 44. a7 Rxh3+ 45. Kg2 Rh2+ 46. Kg3 1-0

[Event "SVK-chT2B 2223"]
[Site "Slovakia"]
[Date "2022.10.09"]
[Round "2.1"]
[White "Molnar, Erno"]
[Black "Bielik, Jakub"]
[Result "1-0"]
[WhiteElo "2234"]
[BlackElo "2023"]
[PlyCount "95"]
[EventDate "2022.10.08"]
[EventType "team-tourn"]
[EventRounds "11"]
[EventCountry "SVK"]
[SourceTitle "CBM 210 Extra"]
[Source "ChessBase"]
[SourceDate "2022.11.30"]
[SourceVersion "1"]
[SourceVersionDate "2022.11.30"]
[SourceQuality "1"]
[WhiteTeam "Komarno II"]
[BlackTeam "Povazske Podhradie"]
[WhiteTeamCountry "SVK"]
[BlackTeamCountry "SVK"]

1. e4 e6 2. d4 d5 3. Nd2 Nc6 4. Ngf3 Nf6 5. e5 Nd7 6. Be2 f6 7. exf6 Qxf6 8. Nf1 Bd6 9. Ne3 0-0 10. 0-0 Ne7 11. c4 c6 12. Bd3 Bf4 13. Ng4 Qf7 14. Qe2 Ng6 15. Qc2 dxc4 16. Bxc4 Nb6 17. Bd3 Nd5 18. a3 Bd7 19. Ng5 Bxg5 20. Bxg6 Qxg6 21. Qxg6 hxg6 22. Bxg5 Rf5 23. h4 Kh7 24. Ne5 Be8 25. Rfe1 Rc8 26. Rac1 Rf8 27. Nd3 Bf7 28. Nc5 Rc7 29. Nxe6 Bxe6 30. Rxe6 Rcf7 31. f3 Nc7 32. Re4 Rd7 33. Rce1 Rff7 34. a4 a6 35. Kf2 Rf5 36. Re7 Rf7 37. Rxf7 Rxf7 38. Re4 Rd7 39. Bf4 Nd5 40. Be5 Nb4 41. Ke2 Nd5 42. Kd3 Rf7 43. b3 Kh6 44. Kc4 a5 45. Bg3 Kh5 46. Be1 b6 47. Bd2 Nf6 48. Bg5 1-0

[Event "Piestany Slovakia op-B"]
[Site "Piestany"]
[Date "2022.07.18"]
[Round "9"]
[White "Bielik, Jakub"]
[Black "Petrek, Dominik"]
[Result "0-1"]
[WhiteElo "2033"]
[BlackElo "1993"]
[PlyCount "82"]
[EventDate "2022.07.11"]
[EventType "swiss"]
[EventRounds "9"]
[EventCountry "SVK"]
[SourceTitle "CBM 209 Extra"]
[Source "ChessBase"]
[SourceDate "2022.09.30"]
[SourceVersion "1"]
[SourceVersionDate "2022.09.30"]
[SourceQuality "1"]

1. d4 Nf6 2. Nc3 d5 3. Bg5 e6 4. e4 dxe4 5. Nxe4 Be7 6. Bxf6 Bxf6 7. Nf3 0-0 8. c3 Nd7 9. Bd3 b6 10. Qe2 Bb7 11. 0-0-0 Be7 12. Ne5 f6 13. Nf3 Rf7 14. Bc2 Nf8 15. Rhe1 a5 16. Ng3 Qc8 17. Nh5 a4 18. Nf4 Bd6 19. g3 Bxf4+ 20. gxf4 a3 21. b3 c5 22. c4 Bxf3 23. Qxf3 cxd4 24. Rxd4 Raa7 25. f5 Qc5 26. Rd2 e5 27. Be4 Rfd7 28. Bd5+ Kh8 29. Kb1 Rd6 30. Qh5 Re7 31. Re4 b5 32. Qd1 Red7 33. Ka1 bxc4 34. bxc4 Rb6 35. Re3 h6 36. Rb3 Rd8 37. Rxb6 Qxb6 38. Qb3 Qa5 39. Rd1 Rd6 40. Qb8 Kh7 41. Qb5 Rxd5 0-1

[Event "SVK-chT3B2 2122"]
[Site "Slovakia"]
[Date "2022.04.10"]
[Round "8.1"]
[White "Bielik, Jakub"]
[Black "Rucek, Kristian"]
[Result "1/2-1/2"]
[WhiteElo "2006"]
[BlackElo "2128"]
[PlyCount "84"]
[EventDate "2021.10.24"]
[EventType "team-tourn"]
[EventRounds "11"]
[EventCountry "SVK"]
[SourceTitle "EXT 2024"]
[Source "ChessBase"]
[SourceDate "2023.10.10"]
[SourceVersion "1"]
[SourceVersionDate "2023.10.10"]
[SourceQuality "1"]
[WhiteTeam "Povazske Podhradie II"]
[BlackTeam "Belusa II"]
[WhiteTeamCountry "SVK"]
[BlackTeamCountry "SVK"]

1. d4 d5 2. Nc3 Nf6 3. Bg5 Bf5 4. Bxf6 exf6 5. e3 c6 6. Bd3 Be6 7. Nge2 Bd6 8. 0-0 0-0 9. Nf4 Qc7 10. Qh5 g6 11. Qh6 Bxf4 12. Qxf4 Qxf4 13. exf4 f5 14. Rfe1 Nd7 15. Rad1 Rfd8 16. Bf1 b6 17. Rd2 Nf6 18. f3 Ne8 19. Re5 Nc7 20. Na4 Bd7 21. Nc3 Ne6 22. g3 Bc8 23. Re1 Bb7 24. Red1 Rd7 25. Kf2 Kg7 26. a4 a5 27. Re1 Kf6 28. Re5 Rc8 29. Re1 h6 30. Kg2 c5 31. Nb5 cxd4 32. Bd3 Ba6 33. Ree2 Bxb5 34. Bxb5 Rdc7 35. Ba6 Rd8 36. Bb5 g5 37. fxg5+ hxg5 38. h3 Rd6 39. Kf2 Rd8 40. Kg2 Rh8 41. Re1 Rh6 42. Rde2 Rc8 1/2-1/2

[Event "SVK-chT2B 2122"]
[Site "Slovakia"]
[Date "2022.02.12"]
[Round "7.1"]
[White "Bombek, Peter"]
[Black "Bielik, Jakub"]
[Result "1/2-1/2"]
[WhiteElo "2078"]
[BlackElo "1969"]
[PlyCount "57"]
[EventDate "2021.10.16"]
[EventType "team-tourn"]
[EventRounds "11"]
[EventCountry "SVK"]
[SourceTitle "EXT 2023"]
[Source "ChessBase"]
[SourceDate "2022.10.05"]
[SourceVersion "1"]
[SourceVersionDate "2022.10.05"]
[SourceQuality "1"]
[WhiteTeam "Belusa"]
[BlackTeam "Povazske Podhradie"]
[WhiteTeamCountry "SVK"]
[BlackTeamCountry "SVK"]

1. d4 d5 2. c4 e6 3. Nc3 Nf6 4. cxd5 exd5 5. Bg5 c6 6. e3 Be7 7. Qc2 Nbd7 8. Bd3 h6 9. Bh4 Nh5 10. Bxe7 Qxe7 11. Nge2 Nb6 12. 0-0-0 Be6 13. Kb1 0-0-0 14. h3 Kb8 15. Rc1 g6 16. Na4 Nxa4 17. Qxa4 Ng7 18. Nc3 Bf5 19. Qc2 Rhe8 20. Rhd1 Bxd3 21. Rxd3 Nf5 22. Na4 Nd6 23. Nc5 Rc8 24. Rb3 Ka8 25. Rc3 Nb5 26. Rb3 Nd6 27. Rc3 Nb5 28. Rd3 Nd6 29. Rc3 1/2-1/2

[Event "SVK-chT3B2 2122"]
[Site "Slovakia"]
[Date "2021.11.07"]
[Round "2.1"]
[White "Bielik, Jakub"]
[Black "Zakovic, Jozef"]
[Result "1/2-1/2"]
[WhiteElo "2006"]
[BlackElo "1750"]
[PlyCount "105"]
[EventDate "2021.10.24"]
[EventType "team-tourn"]
[EventRounds "11"]
[EventCountry "SVK"]
[SourceTitle "EXT 2023"]
[Source "ChessBase"]
[SourceDate "2022.10.05"]
[SourceVersion "1"]
[SourceVersionDate "2022.10.05"]
[SourceQuality "1"]
[WhiteTeam "Povazske Podhradie II"]
[BlackTeam "Bojnice"]
[WhiteTeamCountry "SVK"]
[BlackTeamCountry "SVK"]

1. e4 e5 2. Nc3 Nf6 3. f4 d6 4. Nf3 Nc6 5. Bb5 Bg4 6. d3 Be7 7. 0-0 0-0 8. Bxc6 bxc6 9. h3 Bxf3 10. Qxf3 Nd7 11. Be3 Bf6 12. f5 Bg5 13. Bf2 Bd2 14. Ne2 Ba5 15. Kh1 Bb6 16. Be1 Qg5 17. a4 a5 18. Ng3 Qe7 19. Nh5 f6 20. Bd2 Qf7 21. Qg4 Kh8 22. Rad1 d5 23. Rf3 Rab8 24. b3 Rbd8 25. Ng3 Rfe8 26. Bc1 Bd4 27. Ba3 Bc5 28. Bb2 Bd6 29. Nh5 Rg8 30. Qh4 Be7 31. Rff1 Nc5 32. Ng3 Rd7 33. d4 Nb7 34. Qg4 exd4 35. Bxd4 c5 36. Bb2 d4 37. Ne2 Rgd8 38. Nf4 Re8 39. Rd3 Bd6 40. Nd5 c6 41. Nb6 Rde7 42. Re1 Bc7 43. Nc4 Nd6 44. Nxd6 Bxd6 45. Qf3 Be5 46. Ba3 Bd6 47. Rd2 Rb7 48. Qe2 Ra7 49. Rd3 Qe7 50. c3 Qe5 51. g3 Rae7 52. Qf3 Rb8 53. cxd4 1/2-1/2

[Event "SVK-ch U20 rapid"]
[Site "Nitra"]
[Date "2021.09.11"]
[Round "5"]
[White "Cedzo, Adam"]
[Black "Bielik, Jakub"]
[Result "0-1"]
[WhiteElo "1623"]
[BlackElo "1867"]
[PlyCount "66"]
[EventDate "2021.09.11"]
[EventType "swiss (rapid)"]
[EventRounds "7"]
[EventCountry "SVK"]
[SourceTitle "EXT 2023"]
[Source "ChessBase"]
[SourceDate "2022.10.05"]
[SourceVersion "1"]
[SourceVersionDate "2022.10.05"]
[SourceQuality "1"]

1. e4 e6 2. d4 d5 3. e5 c5 4. c3 Nc6 5. Nf3 Bd7 6. Be2 Nge7 7. a3 c4 8. b4 Ng6 9. Nbd2 f6 10. exf6 Qxf6 11. Nf1 Bd6 12. Bg5 Qf7 13. Ng3 0-0 14. 0-0 Rae8 15. Be3 Nf4 16. Ra2 Ne7 17. Ne5 Bxe5 18. dxe5 Neg6 19. Bxa7 Ra8 20. Bc5 Ba4 21. Qd2 Rfd8 22. Bd4 Nh4 23. Bf3 Nh3+ 24. Kh1 Nxf3 25. Qe3 Nxd4 26. Qxd4 Nf4 27. Re1 Nd3 28. Re3 Nxf2+ 29. Kg1 Nd3 30. Rf3 Qg6 31. Ne2 Rf8 32. Nf4 Nxf4 33. Rxf4 Qb1+ 0-1

[Event "SVK-ch U20 rapid"]
[Site "Nitra"]
[Date "2021.09.11"]
[Round "2"]
[White "Haring, Filip"]
[Black "Bielik, Jakub"]
[Result "1-0"]
[WhiteElo "2133"]
[BlackElo "1867"]
[PlyCount "39"]
[EventDate "2021.09.11"]
[EventType "swiss (rapid)"]
[EventRounds "7"]
[EventCountry "SVK"]
[SourceTitle "EXT 2023"]
[Source "ChessBase"]
[SourceDate "2022.10.05"]
[SourceVersion "1"]
[SourceVersionDate "2022.10.05"]
[SourceQuality "1"]

1. Nf3 d5 2. c4 e6 3. g3 Nf6 4. Bg2 dxc4 5. Qa4+ Bd7 6. Qxc4 c5 7. Ne5 Qc8 8. Qd3 Nc6 9. Nxd7 Qxd7 10. Qxd7+ Kxd7 11. Nc3 Rd8 12. d3 Kc7 13. Bf4+ e5 14. Bg5 Be7 15. Rc1 Nd4 16. b4 Kb8 17. Bxf6 Bxf6 18. bxc5 Bg5 19. Rb1 Rc8 20. Rxb7+ 1-0

[Event "SVK-ch Amateurs"]
[Site "Topolcany"]
[Date "2021.08.07"]
[Round "3"]
[White "Bielik, Jakub"]
[Black "Dzupin, Dominik"]
[Result "1-0"]
[WhiteElo "1920"]
[BlackElo "1547"]
[PlyCount "79"]
[EventDate "2021.08.06"]
[EventType "swiss"]
[EventRounds "7"]
[EventCountry "SVK"]
[SourceTitle "EXT 2022"]
[Source "ChessBase"]
[SourceDate "2021.10.06"]
[SourceVersion "1"]
[SourceVersionDate "2021.10.06"]
[SourceQuality "1"]

1. e4 e5 2. Nf3 Nf6 3. Nxe5 Nc6 4. Nxc6 dxc6 5. Nc3 Bc5 6. Be2 Qd4 7. 0-0 h5 8. d3 Ng4 9. Bxg4 hxg4 10. Bf4 Be6 11. Qe2 0-0-0 12. Qe3 Qf6 13. Qg3 Qe7 14. Na4 g5 15. Bxc7 Bd6 16. Bxd6 Rxd6 17. Nc5 Bd7 18. Nxd7 Qxd7 19. f3 gxf3 20. Qxf3 Rdh6 21. Qf5 Qxf5 22. Rxf5 Rxh2 23. Raf1 Rh1+ 24. Kf2 Rxf1+ 25. Kxf1 Rh1+ 26. Ke2 Rb1 27. b3 Rb2 28. Kd2 Rxa2 29. Rxf7 Ra5 30. g4 Re5 31. Kc3 Rc5+ 32. Kd2 a5 33. d4 Rb5 34. Kd3 Kd8 35. Rf5 Rxf5 36. exf5 Ke7 37. c4 b5 38. d5 b4 39. dxc6 Kd6 40. f6 1-0

[Event "SVK-ch U18/20"]
[Site "Stara Lubovna"]
[Date "2021.07.01"]
[Round "7"]
[White "Angelovic, Adrian"]
[Black "Bielik, Jakub"]
[Result "1/2-1/2"]
[WhiteElo "1997"]
[BlackElo "1922"]
[PlyCount "72"]
[EventDate "2021.06.26"]
[EventType "swiss"]
[EventRounds "9"]
[EventCountry "SVK"]
[SourceTitle "CBM 203 Extra"]
[Source "ChessBase"]
[SourceDate "2021.09.30"]
[SourceVersion "1"]
[SourceVersionDate "2021.09.30"]
[SourceQuality "1"]

1. d4 d5 2. c4 e6 3. Nc3 Nf6 4. cxd5 exd5 5. Bg5 Be7 6. e3 c6 7. Bd3 Nbd7 8. Nge2 h6 9. Bh4 Nh5 10. Bxe7 Qxe7 11. Qc2 Nb6 12. 0-0-0 Be6 13. h3 0-0-0 14. Kb1 Kb8 15. Na4 Nxa4 16. Qxa4 g6 17. Rc1 Ng7 18. Rc3 Bf5 19. Nf4 g5 20. Bxf5 gxf4 21. Bd3 fxe3 22. fxe3 Rd6 23. Ra3 b6 24. Rc1 Rc8 25. Re1 Rc7 26. e4 dxe4 27. Rxe4 Re6 28. Qc2 Rxe4 29. Bxe4 Ne6 30. Rd3 Qf6 31. Qd1 Ng5 32. Bf3 Re7 33. d5 Nxf3 34. Rxf3 Qg6+ 35. Kc1 Qg5+ 36. Qd2 Qxd5 1/2-1/2

[Event "SVK-ch U18/20"]
[Site "Stara Lubovna"]
[Date "2021.06.29"]
[Round "5"]
[White "Zahorcek, Jakub"]
[Black "Bielik, Jakub"]
[Result "1/2-1/2"]
[WhiteElo "1653"]
[BlackElo "1922"]
[PlyCount "44"]
[EventDate "2021.06.26"]
[EventType "swiss"]
[EventRounds "9"]
[EventCountry "SVK"]
[SourceTitle "CBM 203 Extra"]
[Source "ChessBase"]
[SourceDate "2021.09.30"]
[SourceVersion "1"]
[SourceVersionDate "2021.09.30"]
[SourceQuality "1"]

1. e4 d5 2. exd5 Qxd5 3. Nc3 Qd8 4. d4 Nf6 5. Nf3 Bg4 6. Bf4 e6 7. Bb5+ c6 8. Bc4 Nbd7 9. 0-0 Nb6 10. Bb3 Bd6 11. Bg3 Bxg3 12. hxg3 0-0 13. Re1 Nbd5 14. Nxd5 Nxd5 15. Bxd5 Qxd5 16. c3 Bxf3 17. Qxf3 Qxf3 18. gxf3 Rfd8 19. Re5 Rd5 20. Rae1 Rad8 21. f4 Rxe5 22. Rxe5 Kf8 1/2-1/2

[Event "SVK-ch U18/20"]
[Site "Stara Lubovna"]
[Date "2021.06.27"]
[Round "2"]
[White "Bielik, Jakub"]
[Black "Valko, Michal"]
[Result "0-1"]
[WhiteElo "1922"]
[BlackElo "1809"]
[PlyCount "42"]
[EventDate "2021.06.26"]
[EventType "swiss"]
[EventRounds "9"]
[EventCountry "SVK"]
[SourceTitle "CBM 203 Extra"]
[Source "ChessBase"]
[SourceDate "2021.09.30"]
[SourceVersion "1"]
[SourceVersionDate "2021.09.30"]
[SourceQuality "1"]

1. e4 c5 2. Nf3 a6 3. c4 d6 4. d4 cxd4 5. Nxd4 Nf6 6. Nc3 e6 7. Be2 Be7 8. 0-0 0-0 9. b3 b6 10. Bf3 Bb7 11. e5 Bxf3 12. Qxf3 dxe5 13. Nxe6 fxe6 14. Qxa8 Qd4 15. Bb2 Qd2 16. Rab1 Ng4 17. Qe4 Nxf2 18. Qe2 Qxe2 19. Nxe2 Bc5 20. Bxe5 Nc6 21. Bg3 Nd1+ 0-1

[Event "SVK-ch Rapid"]
[Site "Modra"]
[Date "2021.06.12"]
[Round "5"]
[White "Bielik, Jakub"]
[Black "Bochnicka, Vladimir1111"]
[Result "1-0"]
[WhiteElo "1922"]
[BlackElo "2215"]
[PlyCount "70"]
[EventDate "2021.06.12"]
[EventType "swiss (rapid)"]
[EventRounds "9"]
[EventCountry "SVK"]
[SourceTitle "EXT 2022"]
[Source "ChessBase"]
[SourceDate "2021.10.06"]
[SourceVersion "1"]
[SourceVersionDate "2021.10.06"]
[SourceQuality "1"]

1. Nc3 d5 2. d4 Nf6 3. Bg5 e6 4. e4 dxe4 5. Nxe4 Be7 6. Bxf6 Bxf6 7. Nf3 0-0 8. Bd3 Nd7 9. Qe2 b6 10. 0-0-0 Qe7 11. h4 Bb7 12. g4 c5 13. g5 Bxd4 14. Nxd4 cxd4 15. Rdg1 Kh8 16. h5 Ne5 17. f3 Rac8 18. g6 f5 19. Ng5 Nxd3+ 20. Qxd3 h6 21. Nf7+ Kg8 22. Qxd4 Qc5 23. Qxc5 Rxc5 24. Rh3 Rd5 25. Re1 Re8 26. f4 Rd4 27. Rc3 Bd5 28. Rc7 Rxf4 29. Rxa7 Rh4 30. Nd6 Rb8 31. Nxf5 exf5 32. Ree7 Kf8 33. Rxg7 f4 34. Rh7 f3 35. g7+ Kg8 1-0

[Event "SVK-ch Rapid"]
[Site "Modra"]
[Date "2021.06.12"]
[Round "3"]
[White "Bielik, Jakub"]
[Black "Jablonicky, Frantisek"]
[Result "1-0"]
[WhiteElo "1922"]
[BlackElo "2026"]
[PlyCount "58"]
[EventDate "2021.06.12"]
[EventType "swiss (rapid)"]
[EventRounds "9"]
[EventCountry "SVK"]
[SourceTitle "EXT 2022"]
[Source "ChessBase"]
[SourceDate "2021.10.06"]
[SourceVersion "1"]
[SourceVersionDate "2021.10.06"]
[SourceQuality "1"]

1. d4 f5 2. Nc3 Nf6 3. Bg5 g6 4. Bxf6 exf6 5. e4 fxe4 6. Nxe4 d5 7. Ng3 Bb4+ 8. c3 Qe7+ 9. Be2 Bd6 10. Nf3 0-0 11. Qd2 c6 12. 0-0-0 Qc7 13. Kb1 b5 14. h4 Bxg3 15. fxg3 Qxg3 16. h5 g5 17. Bd3 g4 18. Qh6 Rf7 19. Nh4 Na6 20. Bg6 Rg7 21. Rde1 Bd7 22. Bf5 Rf8 23. Ka1 Nc7 24. Bxd7 Rxd7 25. Nf5 Qf2 26. Ne7+ Rxe7 27. Rxe7 Rf7 28. Rxf7 Kxf7 29. Qxh7+ Ke6 1-0

[Event "SVK League Cup 1st"]
[Site "Tornelo INT"]
[Date "2021.04.03"]
[Round "3"]
[White "Durana, Jonas"]
[Black "Bielik, Jakub"]
[Result "0-1"]
[WhiteElo "1542"]
[BlackElo "1922"]
[PlyCount "74"]
[EventDate "2021.03.27"]
[EventType "swiss"]
[EventRounds "8"]
[EventCountry "SVK"]
[SourceTitle "EXT 2022"]
[Source "ChessBase"]
[SourceDate "2021.10.06"]
[SourceVersion "1"]
[SourceVersionDate "2021.10.06"]
[SourceQuality "1"]

1. e4 e6 2. d4 d5 3. exd5 Qxd5 4. Nc3 Bb4 5. Bd2 Qxd4 6. Nf3 Qd8 7. Bb5+ Bd7 8. Bxd7+ Nxd7 9. 0-0 Ngf6 10. a3 Ba5 11. b4 Bb6 12. Bg5 0-0 13. Ne4 h6 14. Bxf6 Nxf6 15. Qxd8 Rfxd8 16. Nxf6+ gxf6 17. Rad1 c6 18. c4 Kf8 19. c5 Bc7 20. a4 a5 21. b5 cxb5 22. axb5 a4 23. b6 Rxd1 24. Rxd1 Bd8 25. Ne1 a3 26. Ra1 Be7 27. Nd3 a2 28. g3 Ke8 29. c6 bxc6 30. b7 Rb8 31. Rxa2 Rxb7 32. Ra8+ Kd7 33. Rh8 c5 34. Rxh6 c4 35. Nf4 c3 36. Nd3 Rb1+ 37. Kg2 Rd1 0-1

[Event "SVK-ch U20"]
[Site "Lubovna"]
[Date "2020.08.15"]
[Round "1"]
[White "Bielik, Jakub"]
[Black "Hyza, Richard"]
[Result "1-0"]
[WhiteElo "1978"]
[BlackElo "1260"]
[PlyCount "43"]
[EventDate "2020.08.15"]
[EventType "swiss"]
[EventRounds "9"]
[EventCountry "SVK"]
[SourceTitle "EXT 2021"]
[Source "ChessBase"]
[SourceDate "2020.10.23"]
[SourceVersion "1"]
[SourceVersionDate "2020.10.23"]
[SourceQuality "1"]

1. e4 e5 2. Nf3 Nc6 3. d4 d6 4. Bb5 Bd7 5. 0-0 Be7 6. Re1 Nf6 7. Nc3 exd4 8. Nxd4 Nxd4 9. Bxd7+ Qxd7 10. Qxd4 0-0 11. b3 Rfe8 12. Bb2 c5 13. Qd3 Rad8 14. Rad1 Qc6 15. h3 Rd7 16. Re3 Red8 17. Nd5 Nxd5 18. exd5 Qc7 19. Rg3 Bf8 20. Bf6 Re8 21. Rxg7+ Bxg7 22. Qg3 1-0